[Event "FRA-chT U20 0203"]
[Site "Clichy"]
[Date "2003.05.03"]
[Round "10.9"]
[White "Flotte, Antoine"]
[Black "Netzer, Jacques"]
[Result "0-1"]
[WhiteElo "1310"]
[BlackElo "1780"]
[PlyCount "56"]
[EventDate "2002.12.??"]
[EventType "team"]
[EventRounds "11"]
[EventCountry "FRA"]
[SourceTitle "EXT 2004"]
[Source "ChessBase"]
[SourceDate "2003.11.25"]
[SourceVersion "1"]
[SourceVersionDate "2003.11.25"]
[SourceQuality "1"]
[WhiteTeam "AECE"]
[BlackTeam "Bischwiller"]
[WhiteTeamCountry "FRA"]
[BlackTeamCountry "FRA"]

1. e4 c5 2. Nf3 Nc6 3. d4 cxd4 4. Nxd4 g6 5. c4 Bg7 6. Be3 Nf6 7. Nc3 Ng4 8. Nxc6 Nxe3 9. Nxd8 Nxd1 10. Nxf7 Nxf2 11. Nxh8 Nxh1 12. Nxg6 hxg6 13. g3 Bd4 14. Rd1 Bb6 15. Nd5 e6 16. Nxb6 axb6 17. a3 Ra4 18. Rc1 Ra5 19. Bg2 Rh5 20. Bxh1 Rxh2 21. Bf3 Rxb2 22. Ra1 b5 23. c5 Rc2 24. a4 Rxc5 25. axb5 Rxb5 26. Ra8 Kd8 27. Kd2 Kc7 28. Ra2 b6 0-1